The graphic Bible: (Record no. 3410)

000 -LEADER
fixed length control field 00695nam a2200205 a 4500
001 - CONTROL NUMBER
control field :::00001140$&:&@@
003 - CONTROL NUMBER IDENTIFIER
control field OkBaRHE
005 - DATE AND TIME OF LATEST TRANSACTION
control field 20000607103241.0
008 - FIXED-LENGTH DATA ELEMENTS--GENERAL INFORMATION
fixed length control field s1944 j 000 0 eng u
040 ## - CATALOGING SOURCE
Transcribing agency
100 1# - MAIN ENTRY--PERSONAL NAME
Personal name Brown, Lewis, 1897-1949.
245 14 - TITLE STATEMENT
Title The graphic Bible:
Remainder of title from Genesis to Revelation in animated maps & charts.
260 ## - PUBLICATION, DISTRIBUTION, ETC. (IMPRINT)
Place of publication, distribution, etc New York, NY., :
Name of publisher, distributor, etc Macmillan Co.
Date of publication, distribution, etc 1944
300 ## - PHYSICAL DESCRIPTION
Extent 160 p. : illus. (maps) ;
Dimensions 33 cm.
650 ## - SUBJECT ADDED ENTRY--TOPICAL TERM
Topical term or geographic name as entry element Bible
General subdivision Geography
650 ## - SUBJECT ADDED ENTRY--TOPICAL TERM
Topical term or geographic name as entry element Bible
General subdivision History of Biblical Events
650 ## - SUBJECT ADDED ENTRY--TOPICAL TERM
Topical term or geographic name as entry element Palestine
General subdivision Historical Geography
942 ## - ADDED ENTRY ELEMENTS (KOHA)
Source of classification or shelving scheme
Koha item type Books
Copies
Withdrawn status Lost status Damaged status Koha item type Permanent Location Copy number Date last seen Price effective from Shelving location Full call number Source of classification or shelving scheme Not for loan Barcode Date acquired
   BooksRHEMA Bible Training College12018-02-162010-04-14General StacksBS 550 .B75  11402010-04-14